00394nam a2200157Ia 4500008004100000020001500041082001800056100002100074245003500095250000800130260002500138300001300163500002400176650001500200700002100215230524s9999 xx 000 0 und d a8122409970 a621.3216bBHA aS.K.Bhattacharya 0aControl of Electrical Machines a1ST aNEW DELHIbNAIc2002 aXIII;356 aQuantity Number: 2 aElectrical a Brijinder Signh